Statistics for Most Visited U.S. Cities by Chinese

Click here to take the quiz!

General Stats

  • This quiz has been taken 27 times
  • The average score is 8 of 9

Answer Stats

HintAnswer% Correct
23.78New York
100%
22.58Los Angeles
95%
5.09Chicago
91%
14.50San Francisco
86%
8.67Boston
82%
7.13Seattle
77%
6.96Washington, D.C.
77%
3.43Honolulu
73%
8.02Las Vegas
73%

Score Distribution

Percentile by Number Answered

Percent of People with Each Score

Your Score History

You have not taken this quiz